Wszyscy bohaterowie Overwatch 2 (2023) - Statystyki

Ogólne statystyki
  • Ten quiz został rozwiązany 92 razy
    60 od ostatniego zresetowania
  • Średni wynik to 28 z 37
Statystyki odpowiedzi
Hint Odpowiedź % Poprawnych
TANK Orisa
91%
TANK Winston
91%
NATARCIE Cassidy
88%
TANK D.va
88%
TANK Reinhardt
88%
TANK Wieprzu
88%
NATARCIE Ashe
84%
TANK Zaria
84%
NATARCIE Żniwiarz
84%
NATARCIE Genji
81%
TANK Królowa
81%
WSPARCIE Łaska
81%
WSPARCIE Lucio
81%
TANK Sigma
81%
NATARCIE Złomiarz
81%
WSPARCIE Ana
78%
TANK Burzyciel
78%
NATARCIE Hanzo
78%
WSPARCIE Kiriko
78%
WSPARCIE Zenyatta
78%
NATARCIE Żołnierz-76
78%
WSPARCIE Brigitte
75%
WSPARCIE Moira
75%
NATARCIE Smuga
75%
NATARCIE Sombra
75%
NATARCIE Bastion
72%
TANK Pięść Zagłady
72%
NATARCIE Trupia Wdowa
72%
WSPARCIE Baptiste
69%
NATARCIE Echo
69%
TANK Ramattra
69%
NATARCIE Fara
66%
NATARCIE Mei
63%
NATARCIE Torbjorn
63%
WSPARCIE Życiodawca
59%
NATARCIE Symmetra
56%
NATARCIE Sojourn
47%
Nie znaleziono quizów pasujących do podanych kryteriów
Rozkład punktacji
Procent ludzi z każdym wynikiem
Percentyl według liczby udzielonych odpowiedzi
Twoja historia wyników
Nie rozwiązałeś tego quizu od ostatniego zresetowania